Therapeutic applications of quadruplex nucleic acids /

New found interest in the chromosome G-quadruplexes has emerged as an important focus of research in nucleic acids and as a potential target for cancer therapeutics. Existing literature concerning nucleic acids concentrates on aspects of quadruplex structure and historical research. There exists no...

Full description

Bibliographic Details
Main Author: Neidle, Stephen
Corporate Author: ScienceDirect (Online service)
Format: eBook
Language:English
Published: London ; Waltham, MA : Elsevier/Academic Press, 2012.
Edition:1st ed.
Subjects:
Online Access:Connect to the full text of this electronic book

MARC

Tag First Indicator Second Indicator Subfields
LEADER 00000cam a2200000 a 4500
001 in00005748522
005 20260326190233.5
006 m o d
007 cr cn|||||||||
008 111010s2012 enka ob 001 0 eng d
010 |a  2011293620 
040 |a OPELS  |b eng  |e pn  |c OPELS  |d YDXCP  |d BWX  |d OCLCQ  |d AU@  |d GZM  |d COO  |d E7B  |d CDX  |d N$T  |d OCLCQ  |d OCLCA  |d OCLCQ  |d FEM  |d ESU  |d CASUM  |d OCLCO  |d OCLCA  |d CHVBK  |d OCLCO  |d U3W  |d OCLCO  |d D6H  |d OCLCO  |d WYU  |d OCLCQ  |d OCLCO  |d VT2  |d OCLCA  |d OCLCO  |d OCLCQ  |d OCLCL  |d SXB  |d OCLCQ  |d OCLCO  |d OCLCA  |d OCLCL  |d OCLCQ 
015 |a GBB198738  |2 bnb 
016 7 |a 015873824  |2 Uk 
019 |a 757104515  |a 761956328  |a 775117164  |a 785780319  |a 968115766  |a 968982536  |a 1066439581  |a 1235845633 
020 |a 9780123751386  |q (electronic bk.) 
020 |a 0123751381  |q (electronic bk.) 
020 |a 9780123751393  |q (electronic bk.) 
020 |a 012375139X  |q (electronic bk.) 
020 |z 9780123751386  |q (hbk.) 
020 |z 0123751381  |q (hbk.) 
035 |a (OCoLC)756490841  |z (OCoLC)757104515  |z (OCoLC)761956328  |z (OCoLC)775117164  |z (OCoLC)785780319  |z (OCoLC)968115766  |z (OCoLC)968982536  |z (OCoLC)1066439581  |z (OCoLC)1235845633 
037 |a 1057475:10578491  |b Elsevier Science & Technology  |n http://www.sciencedirect.com 
050 4 |a QP625.Q33  |b N45 2012 
060 4 |a 2011 L-272 
060 4 |a QU 58 
072 7 |a MED  |x 071000  |2 bisacsh 
082 0 4 |a 615.36  |2 23 
049 |a TXAM 
100 1 |a Neidle, Stephen.  |1 https://id.oclc.org/worldcat/entity/E39PBJkMHVDMHXwMT97Kwy9v73 
245 1 0 |a Therapeutic applications of quadruplex nucleic acids /  |c Stephen Neidle. 
250 |a 1st ed. 
260 |a London ;  |a Waltham, MA :  |b Elsevier/Academic Press,  |c 2012. 
300 |a 1 online resource (xii, 196 pages) :  |b illustrations 
336 |a text  |b txt  |2 rdacontent 
337 |a computer  |b c  |2 rdamedia 
338 |a online resource  |b cr  |2 rdacarrier 
347 |a text file  |2 rda 
520 |a New found interest in the chromosome G-quadruplexes has emerged as an important focus of research in nucleic acids and as a potential target for cancer therapeutics. Existing literature concerning nucleic acids concentrates on aspects of quadruplex structure and historical research. There exists no single comprehensive resource addressing recent advances in therapeutic application and targeting strategies, until now. Quadruplex Nucleic Acids as Therapeutic Targets will be a vital resource for researchers in biochemistry, molecular biology, chemistry, biotechnology, biophysics, medicine, translational science and pharmacology. This timely publication is the first to offer practical application and direct strategies to meet the needs of emerging research. 
505 0 |a Intro -- history and milestones -- Fundamentals of DNA and RNA quadruplex structure and stability -- Quadruplexes as therapeutic targets for telomeres and relationship to telomerase and telomere maintenance -- Genomic DNA and RNA quadruplexes -- involvement in gene expression and potential as therapeutic agents -- Quadruplex targets and human disease -- applicability in cancer and infectious disease, including oncogene targets such as c-myc and c-kit -- Quadruplex ligands -- chemistry and design -- selectivity and assays -- Quadruplex ligands -- basic biology and assays indirect and direct -- Quadruplex ligands -- pharmacology and druggability, ligands in clinical trial and pre-clinical trial development -- Synthetic quadruplexes and drugs -- therapeutic aptamers, including thrombin, STAT3 binding, nucleolin binding -- Future directions and conclusions. 
504 |a Includes bibliographical references and index. 
588 0 |a Print version record. 
600 0 7 |a Therapie  |2 gnd 
650 0 |a Quadruplex nucleic acids  |x Therapeutic use. 
650 2 |a G-Quadruplexes 
650 2 |a Antineoplastic Agents  |x therapeutic use 
650 2 |a Antineoplastic Agents  |x pharmacology 
650 2 |a Neoplasms  |x drug therapy 
650 2 |a Nucleic Acid Conformation 
650 2 |a Telomere  |x chemistry 
650 6 |a Acides nucléiques  |x Conformation. 
650 7 |a MEDICAL  |x Pharmacology.  |2 bisacsh 
650 7 |a Nucleinsäuren  |2 gnd 
655 7 |a Electronic books.  |2 local 
655 4 |a Internet Resources. 
710 2 |a ScienceDirect (Online service) 
758 |i has work:  |a Therapeutic applications of quadruplex nucleic acids (Text)  |1 https://id.oclc.org/worldcat/entity/E39PCGwGHrFyftmyFB7fQpXXBd  |4 https://id.oclc.org/worldcat/ontology/hasWork 
776 0 8 |i Print version:  |a Neidle, Stephen.  |t Therapeutic applications of quadruplex nucleic acids.  |b 1st ed.  |d London ; Waltham, MA : Elsevier/Academic Press, 2012  |z 9780123751386  |w (DLC) 2011293620  |w (OCoLC)759821822 
856 4 0 |u http://proxy.library.tamu.edu/login?url=https://www.sciencedirect.com/science/book/9780123751386  |z Connect to the full text of this electronic book  |t 0 
955 |a Elsevier ScienceDirect 2026-2027 
994 |a 92  |b TXA 
999 f f |i 11b0ae63-aa7c-4188-a5e1-345bef04a2a5  |s d32024b7-7346-40d2-965c-6f2f5141cf51  |t 0 
952 f f |a Texas A&M University  |b College Station  |c Electronic Resources  |s www_evans  |d Available Online  |t 0  |e QP625.Q33 N45 2012  |h Library of Congress classification 
998 f f |a QP625.Q33 N45 2012  |t 0  |l Available Online